| 000 | 00922nam a2200337 a 4500 | ||
|---|---|---|---|
| 003 | AR-BaBNM | ||
| 005 | 20251128210202.0 | ||
| 008 | 082120s2002 ||||||||||||||000 | spa|| | ||
| 020 | _a84-7133-642-1 | ||
| 040 | _cAR-BaBNM | ||
| 100 | 1 | _aCasanova, María Antonia | |
| 245 | 0 | 0 | _aManual de evaluación educativa |
| 250 | _a2ª ed. | ||
| 260 |
_aMadrid _bLa muralla _c1997 |
||
| 300 |
_a252 p. _btablas, gráfs. |
||
| 490 | 0 | _aAula abierta | |
| 504 | _aContiene bibliografía p. 245-250 | ||
| 650 | 4 | _aMETODOS DE EVALUACION | |
| 650 | 4 | _aEVALUACION DEL DOCENTE | |
| 650 | 4 | _aAUTOEVALUACION | |
| 650 | 4 | _aCRITERIOS DE EVALUACION | |
| 650 | 4 | _aEVALUACION DEL PROGRAMA | |
| 650 | 4 | _aTECNICAS DE EVALUACION | |
| 650 | 4 | _aENCUESTAS | |
| 650 | 4 | _aRECOPILACION DE DATOS | |
| 650 | 4 | _aOBSERVACION | |
| 651 | 4 | _aEspaña | |
| 800 | 1 |
_aCasanova, María Antonia _edirector |
|
| 942 | _cBK | ||
| 998 | _cRaquel | ||
| 999 |
_c14426 _d14426 |
||